000 00454nam a2200157 4500
001 144471
003 ES-MaACL
007 t|
008 070214s1955 sp r ||||1| spa d
100 1 _aSilone, Ignazio.
_9106355
245 1 3 _aUn puñado de moras /
_cIgnazio Silone ; traducción de Julián Ayesta.
260 _aMadrid :
_bArtola,
_c1955.
300 _a314 p. ;
_c20 cm.
700 1 _aAyesta, Julián.
_924154
852 _aES-MaACL
_jC-9690
_bR.37570
999 _c144471
_d144471